000
00403nam a2200121Ia 4500
008
090124s9999 xx 000 0 und d
082
_b
300687
245
_a
श्री क्षेत्र रेसकोर्स
250
_a
0
630
_a
श्री क्षेत्र रेसकोर्स
730
_a
श्री क्षेत्र रेसकोर्स
942
_c
BOOK
999
_c
190241
_d
190241